AFL Statistical Leaders 2024 Season - Statistics

General Stats
  • This quiz has been taken 156 times
  • The average score is 18 of 24
Answer Stats
Stat Avg Team Answer % Correct
AFL Supercoach Points 126.4 Bulldogs Marcus Bontempelli
99%
Goals 3 GWS Jesse Hogan
98%
Clearances 8.1 Carlton Patrick Cripps
91%
Contested Possesions 15.7 Carlton Patrick Cripps
91%
Ground Ball Gets Tom Green
88%
Disposals 31.7 Bulldogs Adam Treloar
87%
Tackles 8 Gold Coast Matt Rowell
83%
AFL Fantasy Points 117.1 St Kilda Rowan Marshall
82%
Behinds 1.9 Carlton Charlie Curnow
81%
Kicks 20.7 Brisbane Dayne Zorko
81%
Inside 50's 6.6 Sydney Errol Gulden
81%
Hitouts 42.8 Adelaide Reilly O'Brien
80%
Bounces 3.24 Carlton Adam Saad
77%
Spoils 8.7 Collingwood Darcy Moore
74%
Intercept Marks 3.9 Brisbane Harris Andrews
74%
Marks 8.6 Fremantle Luke Ryan
73%
Effective Disposals 25.4 GWS Lachie Whitfield
63%
Intercept Possessions Sam Taylor
58%
Handballs 19.6 Adelaide Matt Crouch
55%
Goal Assists 2 GWS Brent Daniels
51%
Uncontested Possesions 20.3 Essendon Nic Martin
51%
Time on Ground % 99.6% St Kilda Callum Wilkie
50%
Free Kicks Against 2.5 North Melbourne Tristan Xerri
50%
Clangers 5.43 Sydney Brodie Grundy
35%
No matching quizzes found
Score Distribution
Percent of People with Each Score
Percentile by Number Answered
Your Score History
You have not taken this quiz